Statistiken für Geboren in Wiener Neustadt

Klicken Sie hier um das Quiz zu spielen!

Allgemein

  • Dieses Quiz wurde 7 mal gespielt
  • Das Durchschnittsergebnis liegt bei 2 aus 8

Antwortstatistiken

HinweisAntwort% Korrekt
Tennisspieler und US Open Sieger 20201993Dominic Thiem
86%
deutsch-österreichischer Ingenieur und Automobilunternehmer1909Ferry Porsche
57%
Schauspieler, "Der Bockerer" "Ein echter Wiener geht nicht unter"1930Karl Merkatz
57%
Kaiser des Heiligen Römischen Reich von 1508 bis 15191459Maximilian I.
29%
Bankier und Präsident des insolventen SV Mattersburg, der als Drahtzieher eines Betrugsskandals gilt1956Martin Pucher
14%
SPÖ-Politiker und burgendländischer Landeshauptmann von 1991 bis 20001939Karl Stix
0%
Generaloberst der Wehrmacht im Zweiten Weltkrieg und verurteilter Kriegsverbrecher1887Lothar Rendulic
0%
Königin von Spanien von 1649 bis 1665 durch ihre Heirat mit Philipp IV. und während der Minderjährigkeit ihres Sohnes Karl II. von 1665 bis 1675 Regentin von Spanien1634Maria Anna
0%

Verteilung der Resultate

Perzentil nach korrekt beantworteten Fragen

Anzahl Personen mit jedem Resultat

Ihre Resultats-Entwicklung

Sie haben dieses Quiz noch nicht gespielt